| 000 -LEADER |
| fixed length control field |
01686cas a2200433 i 4500 |
| 001 - CONTROL NUMBER |
| control field |
19247511 |
| 003 - CONTROL NUMBER IDENTIFIER |
| control field |
Nust |
| 005 - DATE AND TIME OF LATEST TRANSACTION |
| control field |
20170405112908.0 |
| 006 - FIXED-LENGTH DATA ELEMENTS--ADDITIONAL MATERIAL CHARACTERISTICS |
| fixed length control field |
m u |
| 007 - PHYSICAL DESCRIPTION FIXED FIELD--GENERAL INFORMATION |
| fixed length control field |
cr ||||||||||| |
| 008 - FIXED-LENGTH DATA ELEMENTS--GENERAL INFORMATION |
| fixed length control field |
160825c20uu9999pl qr p o | 0eng |
| 010 ## - LIBRARY OF CONGRESS CONTROL NUMBER |
| LC control number |
2017208107 |
| 020 ## - INTERNATIONAL STANDARD BOOK NUMBER |
| International Standard Book Number |
81-8189-139-2 |
| 035 ## - SYSTEM CONTROL NUMBER |
| System control number |
(OCoLC)ocn972096154 |
| 040 ## - CATALOGING SOURCE |
| Transcribing agency |
ASAB |
| 042 ## - AUTHENTICATION CODE |
| Authentication code |
pcc |
| 043 ## - GEOGRAPHIC AREA CODE |
| Geographic area code |
e-pl--- |
| 050 00 - LIBRARY OF CONGRESS CALL NUMBER |
| Classification number |
S671 |
| 082 ## - DEWEY DECIMAL CLASSIFICATION NUMBER |
| Classification number |
630 |
| 130 0# - MAIN ENTRY--UNIFORM TITLE |
| Uniform title |
Agricultural Engineering (Polish Society of Agricultural Engineering) |
| 245 10 - TITLE STATEMENT |
| Title |
Concepts and applications in agricultural engineering : |
| Statement of responsibility, etc. |
by Nikunja Bihari Dash and Mahendra Kumar Mohanty |
| 246 ## - VARYING FORM OF TITLE |
| Title proper/short title |
Agricultural engineering. |
| 264 #1 - PRODUCTION, PUBLICATION, DISTRIBUTION, MANUFACTURE, AND COPYRIGHT NOTICE |
| Place of production, publication, distribution, manufacture |
New Delhi |
| Name of producer, publisher, distributor, manufacturer |
International book distributing co. |
| 300 ## - PHYSICAL DESCRIPTION |
| Extent |
viii, 448 p. ; |
| Dimensions |
28 cm. |
| 310 ## - CURRENT PUBLICATION FREQUENCY |
| Current publication frequency |
Quarterly |
| 336 ## - CONTENT TYPE |
| Content type term |
text |
| Content type code |
txt |
| Source |
rdacontent |
| 337 ## - MEDIA TYPE |
| Media type term |
computer |
| Media type code |
c |
| Source |
rdamedia |
| 338 ## - CARRIER TYPE |
| Carrier type term |
online resource |
| Carrier type code |
cr |
| Source |
rdacarrier |
| 588 ## - SOURCE OF DESCRIPTION NOTE |
| Source of description note |
Description based on: Volume 20, Issue 1 (Apr. 2016); title from title cover image (De Gruyter Open, viewed February 10, 2017). |
| 588 ## - SOURCE OF DESCRIPTION NOTE |
| Source of description note |
Latest issue consulted: Volume 20, Issue 4 (Dec. 2016) (De Gruyter Open, viewed February 10, 2017). |
| 650 #0 - SUBJECT ADDED ENTRY--TOPICAL TERM |
| Topical term or geographic name entry element |
Agricultural engineering |
| Form subdivision |
Periodicals. |
| 650 #0 - SUBJECT ADDED ENTRY--TOPICAL TERM |
| Topical term or geographic name entry element |
Agricultural engineering |
| Geographic subdivision |
Poland |
| Form subdivision |
Periodicals. |
| 650 #7 - SUBJECT ADDED ENTRY--TOPICAL TERM |
| Topical term or geographic name entry element |
Agricultural engineering. |
| Source of heading or term |
fast |
| Authority record control number or standard number |
(OCoLC)fst00800726 |
| 651 #7 - SUBJECT ADDED ENTRY--GEOGRAPHIC NAME |
| Geographic name |
Poland. |
| Source of heading or term |
fast |
| Authority record control number or standard number |
(OCoLC)fst01206891 |
| 655 #7 - INDEX TERM--GENRE/FORM |
| Genre/form data or focus term |
Periodicals. |
| Source of term |
fast |
| Authority record control number |
(OCoLC)fst01411641 |
| 776 08 - ADDITIONAL PHYSICAL FORM ENTRY |
| Title |
Agricultural Engineering |
| 906 ## - LOCAL DATA ELEMENT F, LDF (RLIN) |
| a |
7 |
| b |
cbc |
| c |
serorig |
| d |
2 |
| e |
ncip |
| f |
20 |
| g |
n-oclcserc |
| 942 ## - ADDED ENTRY ELEMENTS (KOHA) |
| Source of classification or shelving scheme |
|
| Koha item type |
Book |